000
00351nam a2200157Ia 4500
999
_c
14275
_d
14275
003
OSt
005
20260310181635.0
008
260210s9999 xx 000 0 und d
020
_a
9780486404738
082
_a
742
100
_a
Ernest R. Norling
245
0
_a
Perspective Made Easy
260
_b
DOVER PUB 1999
260
_c
1999
942
_c
UG
_2
ddc